00611cam a2200193 45000010008000000030004000080050017000120080041000290100017000700400017000870500021001040820011001251000031001362450104001672600030002713000046003015040030003476000040003773111895OSt20170208152325.0760623s1960 nyucf b 000 0 eng  a 60013256  aDLCcWadDLC00aNK4210.B6C6 196000a738.271 aCosentino, Frank J.d1960-10aBoehm's birds;bthe porcelain art of Edward Marshall Boehm.cWith an appreciation by John D. Morse. aNew York,bF. Fellc1960. a202 p.bplates (part col.) ports.c28 cm. aBibliography: p. 159-160.10aBoehm, Edward Marshall,d1913-1969.